| 000 | 01940cam a2200349 a 4500 | ||
|---|---|---|---|
| 003 | EG-GiCUC | ||
| 005 | 20250223030903.0 | ||
| 008 | 131112s2013 ua dh f m 000 0 eng d | ||
| 040 |
_aEG-GiCUC _beng _cEG-GiCUC |
||
| 041 | 0 | _aeng | |
| 049 | _aDeposite | ||
| 097 | _aPh.D | ||
| 099 | _aCai01.11.15.Ph.D.2013.Mo.S | ||
| 100 | 0 | _aMohammed Mohammed Sayed Ahmed | |
| 245 | 1 | 0 |
_aStudy of qualitative blood flow parameters in the spiral artery and serum Ý-subunit HCG and progesterone concentration in cases of first trimester threatened abortion / _bMohammed Mohammed Sayed Ahmed ; Supervised Hesham Sayed Badawi , Amr Abouelela , Badawe Mohammed Elkholy |
| 246 | 1 | 5 | _aدراسة خصائص سريان الدم فى الشريان الحلزونى للرحم و قياس مستوى المنشط المنسلى بيتا و كمية هرمون البروجيستيرون فى الدم فى حالات الاجهاض المنذر فى الثلث الاول من الحمل |
| 260 |
_aCairo : _bMohammed Mohammed Sayed Ahmed , _c2013 |
||
| 300 |
_a190 Leaves : _bcharts , facsimiles ; _c25cm |
||
| 502 | _aThesis (Ph.D.) - Cairo University - Faculty of Medicine - Department of Gynecology and Obstetrics | ||
| 520 | _aThis study finds that the use of transvaginal doppler for assessment of uteroplacental circulation in cases of threatened abortion is not useful as a predicator of pregnancy outcome. Also the use of measurement of Ý-HCG is not useful as predictor of pregnancy outcome as there is great variation of Ý-HCG level in normal pregnancies | ||
| 530 | _aIssued also as CD | ||
| 653 | 4 | _a5/6 ratio | |
| 653 | 4 | _aACL | |
| 653 | 4 | _aÝ-HCG | |
| 700 | 0 |
_aAmr Abouelela , _eSupervisor |
|
| 700 | 0 |
_aBadawe Mohammed Elkholy , _eSupervisor |
|
| 700 | 0 |
_aHesham Sayed Badawi , _eSupervisor |
|
| 856 | _uhttp://172.23.153.220/th.pdf | ||
| 905 |
_aNazla _eRevisor |
||
| 905 |
_aSamia _eCataloger |
||
| 942 |
_2ddc _cTH |
||
| 999 |
_c44042 _d44042 |
||